Das Evangelium nach Markus... (Record no. 241672)
[ view plain ]
| 000 -CABECERA | |
|---|---|
| Campo de control de longitud fija | 00431nam a22001577u 4500 |
| 008 - CÓDIGOS DE INFORMACIÓN DE LONGITUD FIJA | |
| Campo de control de longitud fija | 130405s1981 xxu||||| |||| 00| 0 ger d |
| 041 ## - CÓDIGO DE LENGUA | |
| Código de lengua del texto/banda sonora o título independiente | ger |
| 001 - NÚMERO DE CONTROL | |
| Campo de control | 42579 |
| 100 1# - PUNTO DE ACCESO PRINCIPAL-NOMBRE DE PERSONA | |
| Nombre de persona | Ernst, Josef |
| 9 (RLIN) | 21258 |
| 245 00 - MENCIÓN DE TÍTULO | |
| Título | Das Evangelium nach Markus... |
| Mención de responsabilidad, etc. | Josef Ernst |
| 260 ## - PUBLICACIÓN, DISTRIBUCIÓN, ETC... (PIE DE IMPRENTA) | |
| Lugar de publicación, distribución, etc. | Regensburg: |
| Nombre del editor, distribuidor, etc. | Pustet, |
| Fecha de publicación, distribución, etc. | 1981 |
| 300 ## - DESCRIPCIÓN FÍSICA | |
| Extensión | 536 p. |
| Dimensiones | ;22 cm. |
| 490 0# - MENCIÓN DE SERIE | |
| Mención de serie | Regensburger Neues Testament |
| 630 04 - PUNTO DE ACCESO ADICIONAL DE MATERIA-TÍTULO UNIFORME | |
| Título uniforme | Biblia |
| Nombre de parte o sección de la obra | N.T. |
| -- | Evangelios |
| 9 (RLIN) | 13405 |
| 942 ## - ENTRADA DE ELEMENTOS AGREGADOS (KOHA) | |
| Koha [por defecto] tipo de item | Libros |
| Suprimido | Perdido | Estropeado | No para préstamo | Localización permanente | Localización actual | Localización en estantería | Fecha adquisición | Préstamos totales | Signatura completa | Número de Registro / Código de Barras | Fecha última consulta | Fecha del precio de reemplazo | Tipo de item de Koha |
|---|---|---|---|---|---|---|---|---|---|---|---|---|---|
| San Esteban | San Esteban | Depósito de libros | 21/05/2013 | 226 Mc ERNST dasev | 42579 | 21/05/2013 | 21/05/2013 | Libros |
